Who's who in Egypt 2015-16.
| Format: | Book |
|---|---|
| Published: |
Sydney ::
Asia Pacific InfoServ PTY LTD,,
2015.
|
| Edition: | 2nd edition. |
| Subjects: |
| LEADER | 00412cam a2200145 7i4500 | ||
|---|---|---|---|
| 001 | 0000032867 | ||
| 005 | 20151203090000.0 | ||
| 020 | 0 | 0 | |a 978-1-925109-37-5 |
| 090 | 0 | 0 | |a EGPT 920 |b WHO |
| 245 | 0 | 0 | |a Who's who in Egypt 2015-16. |
| 250 | 0 | 0 | |a 2nd edition. |
| 260 | 0 | 0 | |a Sydney :: |b Asia Pacific InfoServ PTY LTD,, |c 2015. |
| 300 | # | # | |a 454 p.. |
| 650 | 0 | 0 | |a Egypt |
| 999 | |a B000036869 |b Directories |c Countries |e Business Information Centre | ||


